000 00513cam a2200205 4500
001 D5743
008 090401t1981 xxu||||| |||| 00| 0 eng d
035 _a(Sirsi) u97839
041 _aeng
050 _a692.3
100 _aHubbard, F.J.
245 _aSMM6-an estimator`s first impressions.
260 _aAscot, Berks
_bChartered Institute of Building
_c1981
300 _a3p. 30cm
350 _a0
490 _aEstimating Information Service
_v43
520 _aFiled
942 _n0
948 _c04/03/1997
999 _c99004
_d99004